000 00546nam a22001697a 4500
999 _c184505
_d184505
005 20220121113749.0
010 _aENG-131301
020 _a978-93-5322-966-5
_c250.00
035 _aEN-114833
037 _bDBAD
082 _a000
245 _aSSC-CGL TIER-I & II EXAMS:
_bEnglish Comprehension Topic-Wise Solved Papers/
260 _aNew Delhi
_bPrabhat Exam
_c2019
270 _bNew Delhi
_a4/19, Asaf Ali Road
_e110002
_k23289555, 23289666
_mprabhatbook@gmail.com
300 _a300p.
_c28cm(pbk)
942 _2ddc
_cEN
_h000
_mSSC